000 00485nam a2200169Ia 4500
003 GCL
008 140319s9999 xx 000 0 ara d
040 _aGCL /
_cGCL
082 0 4 _a953.07391
_bع د
100 1 _aعبدالنعيم محمد حسنين
245 1 0 _aدولة السلاجقة /
_cعبدالنعيم محمد حسنين
300 _a195 ص
490 _a
650 0 4 _aالتاريخ الاسلامى
650 0 4 _aالدولة السلجوقية
942 _2ddc
_cBK
999 _c39337
_d39337